000 00395cam a22001217a 4500
008 180718b1981 xxu||||| |||| 00| 0 eng d
082 _aA81x54 In2/71/16/PT2C/1
100 _aCensus of India 1971
245 _aOrissa: social and cultural tables
260 _aNew Delhi
_bThe Controller of Publications
_c1981
300 _a294+p.
440 _aCensus of India 1971. Series-16, Orissa. Part II-C (i)
999 _c485454
_d485454